<?xml version="1.0" encoding="UTF-8"?>
<record
    xmlns:xsi="http://www.w3.org/2001/XMLSchema-instance"
    xsi:schemaLocation="http://www.loc.gov/MARC21/slim http://www.loc.gov/standards/marcxml/schema/MARC21slim.xsd"
    xmlns="http://www.loc.gov/MARC21/slim">

  <leader>01083nmm a22002177a 4500</leader>
  <controlfield tag="005">20131122175104.0</controlfield>
  <controlfield tag="008">131122b2006    ck ||||| |||| 00| 0 spa d</controlfield>
  <datafield tag="041" ind1=" " ind2=" ">
    <subfield code="a">spa</subfield>
  </datafield>
  <datafield tag="044" ind1=" " ind2=" ">
    <subfield code="a">ck</subfield>
  </datafield>
  <datafield tag="090" ind1=" " ind2=" ">
    <subfield code="a">LB</subfield>
    <subfield code="b">05759</subfield>
  </datafield>
  <datafield tag="100" ind1=" " ind2=" ">
    <subfield code="a">Acevedo, Celeste</subfield>
    <subfield code="9">2877</subfield>
  </datafield>
  <datafield tag="245" ind1=" " ind2=" ">
    <subfield code="a">Capacitaci&#xF3;n para el manejo de &#xE1;reas protegidas en Am&#xE9;rica Latina :</subfield>
    <subfield code="b">Una aproximaci&#xF3;n a la demanda de los actores</subfield>
  </datafield>
  <datafield tag="260" ind1=" " ind2=" ">
    <subfield code="a">s.l.</subfield>
    <subfield code="b">Cosude</subfield>
    <subfield code="c">2010</subfield>
  </datafield>
  <datafield tag="300" ind1=" " ind2=" ">
    <subfield code="a">100 p.</subfield>
    <subfield code="b">il., (col), Gr&#xE1;ficas</subfield>
    <subfield code="c">13 cm.</subfield>
  </datafield>
  <datafield tag="500" ind1=" " ind2=" ">
    <subfield code="a">Proyecto: Fortalecimiento de capacidades regionales por medio de la sistematizaci&#xF3;n, an&#xE1;lisis y transferencia de conocimientos en manejo de recursos naturales</subfield>
  </datafield>
  <datafield tag="505" ind1=" " ind2=" ">
    <subfield code="a">Incluye Contenido Tem&#xE1;tico</subfield>
  </datafield>
  <datafield tag="520" ind1=" " ind2=" ">
    <subfield code="a">la alianza de capacitaci&#xF3;n para la conservaci&#xF3;n de la biodiversidad en el Tr&#xF3;pico Americano, est&#xE1; desarrollando la siguiente recopilaci&#xF3;n de informaci&#xF3;n con el objetivo de identificar las necesidades de capacitaci&#xF3;n para el manejo de las &#xC1;reas protegidas de nuestra regi&#xF3;n</subfield>
  </datafield>
  <datafield tag="700" ind1="1" ind2="2">
    <subfield code="a">Nelly, V&#xE1;squez</subfield>
    <subfield code="9">2878</subfield>
  </datafield>
  <datafield tag="700" ind1="1" ind2="2">
    <subfield code="a">Robles, Gabriel</subfield>
    <subfield code="9">2879</subfield>
  </datafield>
  <datafield tag="942" ind1=" " ind2=" ">
    <subfield code="2">z</subfield>
    <subfield code="c">CD-ROM</subfield>
  </datafield>
  <datafield tag="999" ind1=" " ind2=" ">
    <subfield code="c">7885</subfield>
    <subfield code="d">7885</subfield>
  </datafield>
  <datafield tag="952" ind1=" " ind2=" ">
    <subfield code="0">0</subfield>
    <subfield code="1">0</subfield>
    <subfield code="2">z</subfield>
    <subfield code="4">0</subfield>
    <subfield code="7">0</subfield>
    <subfield code="8">MEDIOSM</subfield>
    <subfield code="a">Bogota</subfield>
    <subfield code="b">Bogota</subfield>
    <subfield code="d">2013-11-22</subfield>
    <subfield code="l">0</subfield>
    <subfield code="o">LB-05759</subfield>
    <subfield code="p">058496</subfield>
    <subfield code="r">2013-11-22 00:00:00</subfield>
    <subfield code="t">Ej. 1</subfield>
    <subfield code="w">2013-11-22</subfield>
    <subfield code="x">Original</subfield>
    <subfield code="y">CD-ROM</subfield>
  </datafield>
</record>
